000 00748nam a22002417a 4500
003 UA-OsUOA
001 50194
007 ta
008 20071102b un ||||| |||| 00| 0 ukr d
100 _aРомат Є. В.
090 _a659.1(075.8)
_bР69
942 _cBK
040 _aUA-OsUOA
_bukr
_cUA-OsUOA
_dUA-OsUOA
245 _aОснови реклами
_bНавчальний посібник
300 _a288 с.
955 _a2
041 _aukr
080 _a659.1(075.8)
020 _a966-7530-41-8
260 _aК.
_bСтудцентр
_c2006
650 7 _a659 Реклама. Система інформації. Громадська інформація та реклама (Паблик-Рилейшнз)
_2UDC
999 _c336282
_d336282